<?xml version="1.0" encoding="UTF-8"?>
<record
    xmlns:xsi="http://www.w3.org/2001/XMLSchema-instance"
    xsi:schemaLocation="http://www.loc.gov/MARC21/slim http://www.loc.gov/standards/marcxml/schema/MARC21slim.xsd"
    xmlns="http://www.loc.gov/MARC21/slim">

  <leader>03191nam a2200385 i 4500</leader>
  <controlfield tag="001">193187</controlfield>
  <controlfield tag="003">SpMaBN</controlfield>
  <controlfield tag="005">20250804062654.0</controlfield>
  <controlfield tag="007">ta</controlfield>
  <controlfield tag="008">230930s2010    sp     | |||| 000 f spa  </controlfield>
  <datafield tag="015" ind1=" " ind2=" ">
    <subfield code="a">MON10</subfield>
  </datafield>
  <datafield tag="017" ind1=" " ind2=" ">
    <subfield code="a">M 51586-2010</subfield>
    <subfield code="b">Oficina Dep&#xF3;sito Legal Madrid</subfield>
  </datafield>
  <datafield tag="020" ind1=" " ind2=" ">
    <subfield code="a">9788499460871</subfield>
  </datafield>
  <datafield tag="035" ind1=" " ind2=" ">
    <subfield code="a">(OCoLC)733596842</subfield>
  </datafield>
  <datafield tag="035" ind1=" " ind2=" ">
    <subfield code="a">a4989557</subfield>
  </datafield>
  <datafield tag="040" ind1=" " ind2=" ">
    <subfield code="a">SpMaBN</subfield>
    <subfield code="b">spa</subfield>
    <subfield code="c">SpMaBN</subfield>
    <subfield code="e">rdc</subfield>
    <subfield code="d">Es-MaACL</subfield>
  </datafield>
  <datafield tag="080" ind1=" " ind2=" ">
    <subfield code="a">821.134.2-31"19"</subfield>
  </datafield>
  <datafield tag="100" ind1="1" ind2=" ">
    <subfield code="a">Ben&#xED;tez, Jes&#xFA;s,</subfield>
    <subfield code="d">1957-</subfield>
    <subfield code="0">XX4581806</subfield>
    <subfield code="e">aut</subfield>
    <subfield code="9">234283</subfield>
  </datafield>
  <datafield tag="245" ind1="1" ind2="0">
    <subfield code="a">Locuras :</subfield>
    <subfield code="b">&#xD3;scar el loco y la profec&#xED;a /</subfield>
    <subfield code="c">Jes&#xFA;s Ben&#xED;tez Ben&#xED;tez</subfield>
  </datafield>
  <datafield tag="250" ind1=" " ind2=" ">
    <subfield code="a">Primera edici&#xF3;n, diciembre 2010</subfield>
  </datafield>
  <datafield tag="260" ind1=" " ind2=" ">
    <subfield code="a">Madrid :</subfield>
    <subfield code="b">Edici&#xF3;n Personal,</subfield>
    <subfield code="c">2010</subfield>
  </datafield>
  <datafield tag="300" ind1=" " ind2=" ">
    <subfield code="a">257 p&#xE1;ginas ;</subfield>
    <subfield code="c">24 cm</subfield>
  </datafield>
  <datafield tag="336" ind1=" " ind2=" ">
    <subfield code="2">rdacontent</subfield>
    <subfield code="a">Texto</subfield>
  </datafield>
  <datafield tag="337" ind1=" " ind2=" ">
    <subfield code="2">rdamedia</subfield>
    <subfield code="a">sin mediaci&#xF3;n</subfield>
  </datafield>
  <datafield tag="338" ind1=" " ind2=" ">
    <subfield code="2">rdacarrier</subfield>
    <subfield code="a">volumen</subfield>
  </datafield>
  <datafield tag="520" ind1=" " ind2=" ">
    <subfield code="a">Delirante historia de &#xD3;scar Baiz&#xE1;n, un escritor neur&#xF3;tico y obsesivo que, adem&#xE1;s de, seg&#xFA;n sus palabras, tener &#xAB;tendencias m&#xED;sticas&#xBB;, viaja a Asturias (Oviedo) y se establece en el hotel Trip durante un periodo de tiempo, sin consultarlo ni mencion&#xE1;rselo a su editor, huyendo del p&#xE1;nico que le supone crear de nuevo personajes para una nueva obra, y a fin de tomarse un tiempo de &#xAB;reflexi&#xF3;n y rememoraci&#xF3;n&#xBB;.
La novela nos muestra a un personaje paranoide, temeroso y demencial, que nos cuenta este viaje, que en realidad son varios, y su estancia all&#xED;, donde asistimos a sus delirios y aventuras, y cuyo estado de &#xE1;nimo fluct&#xFA;a seg&#xFA;n el d&#xED;a, y las lecturas de literatos universales y escritores conocidos: Desfilan as&#xED; Salvador P&#xE1;niker, J.S. Mill, D. Hume, G. Debord, Eduardo Punset, Carlos Castilla del Pino, H. D. Thoreau, Schopenhauer, D.H. Lawrence, Rimbaud, Pessoa, Freud, el Dalai Lama, y un largo etc&#xE9;tera. La trama se complementa con los e-mails que el protagonista le escribe a su editor, donde le cuenta sus experiencias, que son tambi&#xE9;n sus visiones y enso&#xF1;aciones. En la obra se construye un personaje y un relato lleno de absurdo, humor donde la realidad y la ficci&#xF3;n se mezclan. Es un libro que est&#xE1; lleno de situaciones delirantes, con un estilo humor&#xED;stico, todo producto de enso&#xF1;aciones, visiones, quimeras y fantas&#xED;as, que en su narraci&#xF3;n beben de obras como el Quijote, o Amad&#xED;s de Gaula, entre otras, siendo patente la cultura literaria en las menciones tra&#xED;das a colaci&#xF3;n a lo largo de la novela. Una obra que reivindica la imaginaci&#xF3;n y la cultura de los libros en la sociedad actual, y con la que se realiza una propuesta sobre la humanizaci&#xF3;n de la sociedad, el rechazo del dramatismo de la vida y la esperanza basada en una existencia rodeada de belleza que se tiene que descubrir.</subfield>
  </datafield>
  <datafield tag="655" ind1=" " ind2="0">
    <subfield code="a">Novelas</subfield>
    <subfield code="9">234319</subfield>
  </datafield>
  <datafield tag="852" ind1=" " ind2=" ">
    <subfield code="a">ES-MaACL</subfield>
    <subfield code="9">200563</subfield>
    <subfield code="b">R.154593</subfield>
    <subfield code="j">N-9353</subfield>
    <subfield code="c">DEPOJ</subfield>
    <subfield code="g">Dedicatoria aut&#xF3;grafa del autor</subfield>
    <subfield code="h">Donaci&#xF3;n: Jes&#xFA;s Ben&#xED;tez</subfield>
    <subfield code="x">Encuadernaci&#xF3;n r&#xFA;stica</subfield>
  </datafield>
  <datafield tag="903" ind1=" " ind2=" ">
    <subfield code="a">Ben&#xED;tez, Jes&#xFA;s,</subfield>
    <subfield code="d">1957-</subfield>
    <subfield code="e">dnr</subfield>
    <subfield code="9">234283</subfield>
  </datafield>
  <datafield tag="942" ind1=" " ind2=" ">
    <subfield code="n">0</subfield>
    <subfield code="c">MONOGRAFIA</subfield>
  </datafield>
  <datafield tag="999" ind1=" " ind2=" ">
    <subfield code="c">193187</subfield>
    <subfield code="d">193187</subfield>
  </datafield>
  <datafield tag="952" ind1=" " ind2=" ">
    <subfield code="0">0</subfield>
    <subfield code="1">0</subfield>
    <subfield code="2">udc</subfield>
    <subfield code="4">0</subfield>
    <subfield code="7">0</subfield>
    <subfield code="8">Librosdedicados</subfield>
    <subfield code="a">ATENEOM</subfield>
    <subfield code="b">ATENEOM</subfield>
    <subfield code="c">DEPOJ</subfield>
    <subfield code="d">2023-09-30</subfield>
    <subfield code="e">DONACION</subfield>
    <subfield code="j">1</subfield>
    <subfield code="l">0</subfield>
    <subfield code="o">N-9353</subfield>
    <subfield code="p">101205858</subfield>
    <subfield code="r">2023-09-30 00:00:00</subfield>
    <subfield code="y">MONOGRAFIA</subfield>
    <subfield code="z">Dedicatoria aut&#xF3;grafa del autor</subfield>
  </datafield>
</record>
